| 000 | 00504nam a22001812 4500 | ||
|---|---|---|---|
| 001 | 0000005547 | ||
| 005 | 20151217160106.0 | ||
| 008 | 070618s xx 000 0 eng d | ||
| 040 |
_aKABU _cKABU |
||
| 050 | 0 |
_aPZ7 _b.M3B43 |
|
| 100 | 1 |
_aMataamu, Bwana. _@0000156812 |
|
| 245 | 1 | 4 | _aThe Beautiful Nyakiemo and the origin of the Kikuyu-Masai. |
| 260 |
_aLondon : _bT. Nelson, _c1951. |
||
| 300 | _a39 p. | ||
| 908 | _a070618 | ||
| 950 | _@1 | ||
| 999 |
_c14115 _d14115 |
||